Nové podmínky náplně územního plánování a jeho porovnání s mezinárodní praxí.

Funkcia a účelné zameranie územného plánovania v nových podmienkach. Obsahová náplň a forma vyjadrovania územnej plánovacej dokumentácie vo výstupoch. Zahraničné praktické skúsenosti pri riešení územných plánov. Sledovanie procesu realizácie územných plánov v čase.

Gespeichert in:
Bibliographische Detailangaben
1. Verfasser: Červený, M.
Format: Buchkapitel
Sprache:Tschechisch
Schlagworte:
Tags: Tag hinzufügen
Keine Tags, Fügen Sie das erste Tag hinzu!

MARC

LEADER 00000naa a2200000 4500
001 r005739
005 20220819180952.3
041 0 |a cze 
044 |a [CS] 
245 1 0 |a Nové podmínky náplně územního plánování a jeho porovnání s mezinárodní praxí.  |c M. Červený 
520 |a Funkcia a účelné zameranie územného plánovania v nových podmienkach. Obsahová náplň a forma vyjadrovania územnej plánovacej dokumentácie vo výstupoch. Zahraničné praktické skúsenosti pri riešení územných plánov. Sledovanie procesu realizácie územných plánov v čase. 
610 2 0 |a plánovanie územné 
610 2 0 |a dokumentácia 
610 2 0 |a výstupy 
610 2 0 |a svet 
610 2 0 |a plán územný 
100 1 |a Červený, M.